Statistiques concernant Musique par lettre - E

Cliquez ici pour prendre le quiz!

Statistiques générales

  • Ce quiz a été pris 2 753 fois
  • Le résultat moyen est 7 sur 15

Statistiques - réponses

QuestionsRéponses% Correct
Concours de chant annuel, réunissant un candidat de chaque membre de l'Union EuropéenneEurovision
92%
Rappeur américain, de son vrai nom Marshall Bruce Mathers III, surnommé "Slim Shady"Eminem
83%
Titre d'une chanson de Charles Aznavour, où il clame que son désir de partir au soleilEmmenez-moi
82%
Groupe anglais, célèbre pour sa chanson "Sweet Dreams (Are Made of This)"Eurythmics
65%
Groupe de jazz-funk, interprète des tubes "Boogie Wonderland", "September"...Earth, Wind & Fire
63%
Titre d'une chanson de Jean-Jacques Goldman, sortie en 1984, sur l'album "Positif"Encore un matin / Envole-moi
59%
Titre d'une chanson de Sting, écrite pour Quentin Crisp, un londonien parti s’installer à ManhattanEnglishman In New York
54%
Titre d'une chanson du groupe The Police, Grammy Award de la chanson de l'année 1984Every breath you take
35%
Chanteur britannique, auteur-compositeur-interprète de "Budapest", "Shotgun"...George Ezra
35%
Chanteuse cap-verdienne, surnommée la "Diva aux pieds nus", elle a fait connaître mondialement la chanson "Sodade"Cesaria Evora
29%
Titre d'une chanson de Zaz, sortie en 2010, la reprise faite par la candidate de The Voice Kids Carla est très populaireÉblouie par la nuit
28%
Titre d'une chanson connue pour sa reprise par les Blues Brothers dans le flim éponymeEverybody Needs Somebody to Love
25%
Titre d'une chanson du groupe américain R.E.M, les paroles ont été écrites pour rassurer et aider les personnes aux tendances suicidairesEverybody hurts
17%
Titre d'une chanson chanté par Emmanuel Moire dans la comédie musicale "Le Roi Soleil"Être à la hauteur
13%
Titre du single le plus populaire, sorti en 2014, de Ellie King, auteur-interprète américaineEx's & Oh's
6%

Distribution des résultats

Percentile par nombre de réponses

% des personnes avec chaque résultat

Votre développement - résultats

Vous n’avez pas pris ce quiz